[Event "LTU-chT"]
[Site "Lithuania"]
[Date "2025.01.25"]
[Round "3.10"]
[White "Salna, Aleksandras"]
[Black "Groessing, Daniel Yosuke"]
[Result "1-0"]
[WhiteElo "2317"]
[BlackElo "1965"]
[PlyCount "125"]
[EventDate "2025.01.24"]
[EventType "team-swiss"]
[EventRounds "7"]
[EventCountry "LTU"]
[SourceTitle "CB14_2025"]
[SourceDate "2024.11.01"]
[SourceVersion "1"]
[SourceVersionDate "2024.11.01"]
[SourceQuality "1"]
[WhiteTeam "Vilnius Chess United"]
[BlackTeam "Vilnius Juoda Balta"]
[WhiteTeamCountry "LTU"]
[BlackTeamCountry "LTU"]

1. d4 Nf6 2. c4 e6 3. Nc3 Bb4 4. Qc2 d5 5. Bg5 0-0 6. e3 c5 7. a3 Bxc3+ 8. bxc3 cxd4 9. Bxf6 Qxf6 10. cxd4 e5 11. Nf3 exd4 12. Nxd4 Nc6 13. Rd1 Nxd4 14. Rxd4 Bf5 15. Qb3 dxc4 16. Bxc4 Rad8 17. Bd5 Be6 18. Bxe6 Rxd4 19. exd4 Qxe6+ 20. Qxe6 fxe6 21. Ke2 Rc8 22. Kd3 Kf7 23. Rb1 Rc7 24. f4 Kf6 25. h3 h6 26. g4 b6 27. h4 h5 28. gxh5 Kf5 29. Re1 Rc6 30. Rg1 Rc7 31. Rg6 a6 32. a4 a5 33. Rg5+ Kxf4 34. h6 gxh6 35. Rg6 Kf5 36. Rxh6 Rc1 37. Rh5+ Kf6 38. Rb5 Ra1 39. Rxb6 Rxa4 40. h5 Ra1 41. h6 Rh1 42. Kc4 Rc1+ 43. Kb5 Rd1 44. h7 Kg7 45. Rb7+ Kh8 46. Kc5 a4 47. Ra7 a3 48. Rxa3 Kxh7 49. Re3 Kg7 50. Rxe6 Kf7 51. d5 Ra1 52. Re2 Ra5+ 53. Kc6 Ra6+ 54. Kb5 Ra1 55. d6 Rb1+ 56. Kc6 Rc1+ 57. Kb7 Rd1 58. Kc7 Rc1+ 59. Kd8 Rd1 60. d7 Rd3 61. Rf2+ Kg7 62. Rf5 Rd2 63. Ke7 1-0

[Event "Bayern-chI Bank Hofmann 27th"]
[Site "Gmund am Tegernsee"]
[Date "2024.10.28"]
[Round "3"]
[White "Freundorfer, Josef"]
[Black "Groessing, Daniel Yosuke"]
[Result "1-0"]
[WhiteElo "2072"]
[BlackElo "1936"]
[PlyCount "83"]
[EventDate "2024.10.26"]
[EventType "swiss"]
[EventRounds "9"]
[EventCountry "GER"]
[SourceTitle "CB45_2024"]
[Source "ChessBase"]
[SourceDate "2024.11.06"]
[SourceVersion "1"]
[SourceVersionDate "2024.11.06"]
[SourceQuality "1"]

1. e4 c6 2. d4 d5 3. e5 Bf5 4. h4 h5 5. Bd3 Bxd3 6. Qxd3 e6 7. Bg5 Qb6 8. Nd2 c5 9. c4 Qa6 10. Ngf3 Nc6 11. 0-0 Nge7 12. b3 Nf5 13. Qb1 dxc4 14. d5 Ncd4 15. bxc4 Nxf3+ 16. Nxf3 Qxc4 17. dxe6 fxe6 18. Qxb7 Qd5 19. Qa6 Be7 20. Rad1 Nd4 21. Nxd4 cxd4 22. Qa4+ Qd7 23. Qxd7+ Kxd7 24. Rxd4+ Ke8 25. Rc1 Bxg5 26. hxg5 Kf7 27. Rc7+ Kg6 28. f4 Rhc8 29. Rdd7 Rxc7 30. Rxc7 Kf5 31. Rf7+ Kg4 32. Kf2 h4 33. g6 Rb8 34. Rxg7 Rb2+ 35. Ke3 Rxg2 36. Rh7 Kh3 37. f5 Rg3+ 38. Kf2 Rg2+ 39. Kf1 exf5 40. g7 Rg6 41. e6 Kg3 42. e7 1-0

[Event "Bratislava exe op 2nd"]
[Site "Bratislava"]
[Date "2024.09.21"]
[Round "8"]
[White "Skuhala, Barbara"]
[Black "Groessing, Daniel Yosuke"]
[Result "1-0"]
[WhiteElo "2151"]
[BlackElo "2028"]
[PlyCount "69"]
[EventDate "2024.09.14"]
[EventType "swiss"]
[EventRounds "9"]
[EventCountry "SVK"]
[SourceTitle "EXT 2025"]
[Source "ChessBase"]
[SourceDate "2024.10.14"]
[SourceVersion "1"]
[SourceVersionDate "2024.10.14"]
[SourceQuality "1"]

1. e4 e6 2. d4 d5 3. Nc3 Nf6 4. Bg5 dxe4 5. Nxe4 Be7 6. Bxf6 gxf6 7. Nf3 f5 8. Nc3 a6 9. Ne5 Nd7 10. f4 Nxe5 11. fxe5 Bb4 12. Qd3 Bxc3+ 13. bxc3 b5 14. Be2 Bb7 15. Bf3 Bd5 16. 0-0 0-0 17. Qe3 c6 18. g4 fxg4 19. Bxd5 cxd5 20. Rf6 Kh8 21. Raf1 Ra7 22. Qd3 Qe8 23. Rh6 f5 24. exf6 Raf7 25. Qe3 Qc6 26. Rf4 Rg8 27. Qe5 Qxc3 28. Rxh7+ Rxh7 29. f7+ Rhg7 30. Qh5+ Rh7 31. fxg8Q+ Kxg8 32. Qe8+ Kg7 33. Qe7+ Kg6 34. Qxe6+ Kg5 35. Qxg4+ 1-0

[Event "Bratislava exe op 2nd"]
[Site "Bratislava"]
[Date "2024.09.20"]
[Round "7"]
[White "Groessing, Daniel Yosuke"]
[Black "Vinarcik, Jan"]
[Result "1-0"]
[WhiteElo "2028"]
[BlackElo "1794"]
[PlyCount "49"]
[EventDate "2024.09.14"]
[EventType "swiss"]
[EventRounds "9"]
[EventCountry "SVK"]
[SourceTitle "EXT 2025"]
[Source "ChessBase"]
[SourceDate "2024.10.14"]
[SourceVersion "1"]
[SourceVersionDate "2024.10.14"]
[SourceQuality "1"]

1. d4 d5 2. c4 e6 3. Nc3 c6 4. cxd5 exd5 5. Qc2 Nf6 6. Bg5 Nbd7 7. e3 Be7 8. Bd3 h6 9. Bh4 Nf8 10. Nge2 Ne6 11. 0-0 0-0 12. f3 c5 13. Bxf6 Bxf6 14. dxc5 Nxc5 15. Rad1 Nxd3 16. Qxd3 Qb6 17. Nxd5 Qxb2 18. Rd2 Qe5 19. f4 Qd6 20. e4 Bg4 21. Kh1 Bxe2 22. Qxe2 Bd8 23. Ne3 Qc6 24. Nf5 Qg6 25. Rxd8 1-0

[Event "Bratislava exe op 2nd"]
[Site "Bratislava"]
[Date "2024.09.18"]
[Round "5"]
[White "Groessing, Daniel Yosuke"]
[Black "Havalda, Samuel"]
[Result "0-1"]
[WhiteElo "2028"]
[BlackElo "1891"]
[PlyCount "72"]
[EventDate "2024.09.14"]
[EventType "swiss"]
[EventRounds "9"]
[EventCountry "SVK"]
[SourceTitle "EXT 2025"]
[Source "ChessBase"]
[SourceDate "2024.10.14"]
[SourceVersion "1"]
[SourceVersionDate "2024.10.14"]
[SourceQuality "1"]

1. d4 d5 2. c4 c6 3. cxd5 cxd5 4. Bf4 Bf5 5. e3 Nf6 6. Qb3 Qb6 7. Qxb6 axb6 8. Nc3 e6 9. Bb5+ Kd8 10. Nf3 Nc6 11. Bxc6 bxc6 12. Ne5 Bg6 13. Nxc6+ Kc8 14. 0-0 Kb7 15. Ne5 Bb4 16. Nxg6 hxg6 17. Rfc1 Bxc3 18. bxc3 Rhc8 19. f3 Ra3 20. c4 Rxc4 21. Rxc4 dxc4 22. e4 Kc6 23. Kf2 b5 24. Ke2 b4 25. Bc1 Ra4 26. Kd2 Ne8 27. Kc2 Nd6 28. Kb2 Nb5 29. Be3 Ra3 30. Bf2 Rd3 31. Rc1 Na3 32. Ka1 Kb5 33. Bg1 Rd2 34. g3 b3 35. axb3 cxb3 36. Rc5+ Kb6 0-1

[Event "Skalica op"]
[Site "Skalica"]
[Date "2024.08.05"]
[Round "3"]
[White "Groessing, Daniel Yosuke"]
[Black "Miazhynski, Michael"]
[Result "1/2-1/2"]
[WhiteElo "1983"]
[BlackElo "2178"]
[PlyCount "72"]
[EventDate "2024.08.03"]
[EventType "swiss"]
[EventRounds "9"]
[EventCountry "SVK"]
[SourceTitle "CBM 221 Extra"]
[Source "ChessBase"]
[SourceDate "2024.09.30"]
[SourceVersion "1"]
[SourceVersionDate "2024.09.30"]
[SourceQuality "1"]

1. d4 Nf6 2. c4 d6 3. Nc3 e5 4. dxe5 dxe5 5. Qxd8+ Kxd8 6. Nf3 Nbd7 7. g3 c6 8. Bg2 Bd6 9. 0-0 Ke7 10. b3 Nf8 11. Bb2 Bg4 12. h3 Bxf3 13. Bxf3 Ne6 14. Rad1 Rhd8 15. e3 Rd7 16. Rd2 Rad8 17. Rfd1 Bc7 18. Rxd7+ Rxd7 19. Rxd7+ Kxd7 20. Kf1 g6 21. Ke2 Ne8 22. Bg2 f5 23. f4 e4 24. g4 Bd8 25. g5 Be7 26. Kd2 b6 27. Bf1 Bd6 28. Kc2 N8c7 29. a3 c5 30. Ne2 Bf8 31. h4 Bg7 32. Bxg7 Nxg7 33. Ng3 Kc6 34. b4 a6 35. Kc3 Kd6 36. Be2 Nge6 1/2-1/2

[Event "St Veit op 43rd"]
[Site "St Veit"]
[Date "2024.07.09"]
[Round "5"]
[White "Kosin, Jens"]
[Black "Groessing, Daniel Yosuke"]
[Result "0-1"]
[WhiteElo "2068"]
[BlackElo "1937"]
[PlyCount "56"]
[EventDate "2024.07.06"]
[EventType "swiss"]
[EventRounds "9"]
[EventCountry "AUT"]
[SourceTitle "CBM 221 Extra"]
[Source "ChessBase"]
[SourceDate "2024.09.30"]
[SourceVersion "1"]
[SourceVersionDate "2024.09.30"]
[SourceQuality "1"]

1. d4 Nf6 2. Nf3 e6 3. c4 b6 4. g3 Ba6 5. Qa4 c5 6. Bg2 Bb7 7. 0-0 Be7 8. dxc5 Bxc5 9. Nc3 0-0 10. Bf4 Be7 11. Rfd1 a6 12. Rd2 Bc6 13. Qb3 Bc5 14. Rad1 Re8 15. Bd6 Ra7 16. Ne5 Bxg2 17. Kxg2 Nc6 18. Kg1 Nxe5 19. Bxe5 Bxf2+ 20. Kg2 Ng4 21. Bf4 e5 22. h3 exf4 23. hxg4 Bxg3 24. Qc2 g6 25. Nd5 Re6 26. Rh1 Qg5 27. Kf3 h5 28. gxh5 Be1 0-1

[Event "AUT-ch U16"]
[Site "Leibnitz"]
[Date "2024.03.27"]
[Round "6"]
[White "Groessing, Daniel Yosuke"]
[Black "Steinwidder, Jonathan"]
[Result "1/2-1/2"]
[WhiteElo "1897"]
[BlackElo "1834"]
[PlyCount "44"]
[EventDate "2024.03.24"]
[EventType "swiss"]
[EventRounds "7"]
[EventCountry "AUT"]
[SourceTitle "EXT 2025"]
[Source "ChessBase"]
[SourceDate "2024.10.14"]
[SourceVersion "1"]
[SourceVersionDate "2024.10.14"]
[SourceQuality "1"]

1. d4 Nf6 2. c4 e6 3. Nf3 c5 4. d5 exd5 5. cxd5 d6 6. Nc3 Nbd7 7. e4 a6 8. a4 g6 9. Bd3 Bg7 10. 0-0 0-0 11. Bf4 Qc7 12. h3 Re8 13. Nd2 Nh5 14. Bh2 Be5 15. f4 Bd4+ 16. Kh1 Nhf6 17. Qf3 b6 18. Rab1 Bb7 19. Ne2 Bxd5 20. Nxd4 cxd4 21. Rfc1 Bc6 22. Rc4 Nc5 1/2-1/2